Effectif FC Metz - 2024/2025 - Statistiques

Statistiques générales
  • Ce quiz a été pris 106 fois
  • Le résultat moyen est 16 sur 27
Statistiques - réponses
Postes Pays Réponse % Correct
Gardien Algérien Alexandre Oukidja
93%
Milieu Français Gauthier Hein
84%
Défenseur Ivoirien Ismaël Traoré
84%
Défenseur Ivoirien Koffi Kouao
84%
Entraîneur Français Stéphane Le Mignan
84%
Défenseur Français Matthieu Udol
82%
Milieu Français Jessy Deminguet
77%
Défenseur Français Maxime Colin
73%
Gardien Sénégalais Pape Sy
73%
Défenseur Sénégalais Sadibou Sané
73%
Défenseur Bissaoguinéen Fali Candé
71%
Attaquant Suédois Joël Asoro
71%
Milieu Français Benjamin Stambouli
68%
Milieu Gambien Ablie Jallow
66%
Attaquant Sénégalais Ibou Sané
64%
Défenseur Algérien Kevin Van Den Kerkhof
59%
Défenseur Sénégalais Aboubacar Lô
57%
Attaquant Français Simon Elisor
57%
Attaquant Sénégalais Papa Amadou Diallo
46%
Milieu Sénégalais Alpha Touré
43%
Attaquant Sénégalais Cheick Tidiane Sabaly
38%
Milieu Français Joseph Nduquidi
36%
Attaquant Français Morgan Bokele
32%
Attaquant Sénégalais Malick Mbaye
25%
Milieu Français Lilian Raillot
11%
Défenseur Français Charles Divialle Corbière
5%
Attaquant Français Edouard Soumah-Abbad
4%
Aucun quiz correspondant
Distribution des résultats
% des personnes avec chaque résultat
Percentile par nombre de réponses
Votre historique - résultats
Vous n’avez pas pris ce quiz